000 00655cam a2200181 4500500
005 20260111080203.0
041 _afre
042 _adc
100 1 0 _aConseil d’orientation des retraites
_eauthor
245 0 0 _aLes différences de retraite entre salariés du privé et fonctionnaires
260 _c2017.
500 _a36
690 _afinances sociales
690 _arégimes spéciaux
690 _aretraites des fonctionnaires
786 0 _nGestion & Finances Publiques | 2 | 2 | 2017-01-30 | p. 69-80 | 1969-1009
856 4 1 _uhttps://droit.cairn.info/revue-gestion-et-finances-publiques-2017-2-page-69?lang=fr&redirect-ssocas=7080
999 _c1615993
_d1615993